000
00205nam a22000857a 4500
008
170616b xxu||||| |||| 00| 0 eng d
100
_9
3437
_a
Bijlani. R
245
_a
Our Body
260
_a
New Delhi
_b
N. B. T
_c
2009
999
_c
6812
_d
6812